Billie Eilish: Bad Guy Lyrics - Statistics

General Stats
  • This quiz has been taken 19 times
  • The average score is 172 of 247
Answer Stats
Answer % Correct
bad
94%
guy
94%
i
94%
im
94%
like
94%
my
94%
no
94%
to
94%
you
94%
your
94%
a
88%
get
88%
it
88%
really
88%
rough
88%
the
88%
tough
88%
do
82%
duh
82%
shirt
82%
so
82%
that
82%
when
82%
White
82%
youre
82%
cant
76%
dont
76%
enough
76%
just
76%
on
76%
make
71%
sad
71%
say
71%
type
71%
what
71%
bloody
65%
dad
65%
know
65%
mad
65%
nose
65%
thank
65%
always
59%
creeping
59%
for
59%
its
59%
knees
59%
mama
59%
me
59%
now
59%
one
59%
please
59%
red
59%
sleeping
59%
tippy
59%
toes
59%
both
53%
bruises
53%
girlfriend
53%
knows
53%
seduce
53%
soul
53%
think
53%
wanting
53%
around
47%
but
47%
cause
47%
chest
47%
control
47%
criminal
47%
might
47%
of
47%
or
47%
take
47%
be
41%
cynical
41%
maybe
41%
puffed
41%
said
41%
see
41%
she
41%
this
41%
alone
35%
cologne
35%
even
35%
glad
35%
if
35%
mean
35%
pretty
35%
scared
35%
sees
35%
shes
35%
wearing
35%
guess
29%
ill
29%
let
29%
mommy
29%
own
29%
song
29%
with
29%
wont
29%
all
24%
along
24%
animal
24%
likes
24%
lyrics
24%
men
24%
pity
24%
play
24%
shell
24%
sing
24%
at
18%
only
18%
reads
18%
role
18%
being
12%
good
12%
tight
12%
No matching quizzes found
Score Distribution
Percent of People with Each Score
Percentile by Number Answered
Your Score History
You have not taken this quiz